[Event "IV Festival A"]
[Site "Verona ITA"]
[Date "1998.01.??"]
[Round "1"]
[White "De Vita, Igor"]
[Black "Contin, Daniel"]
[Result "0-1"]
[WhiteElo "2125"]
[BlackElo "2300"]
[PlyCount "48"]
[EventDate "1998.01.02"]

1. e4 e6 2. d4 d5 3. e5 c5 4. c3 Bd7 5. Nf3 Qb6 6. Be2 Nc6 7. O-O Nh6 8. dxc5
Bxc5 9. Bd3 Ng4 10. Qe2 f6 11. b4 Bxf2+ 12. Rxf2 fxe5 13. Ng5 Rf8 14. Nh3 Nxf2
15. Nxf2 e4 16. Bc2 Rc8 17. Ba4 Nd4 18. Qh5+ g6 19. Bxd7+ Kxd7 20. Qxh7+ Kd6
21. Bg5 Ne2+ 22. Kh1 Qxf2 23. Qe7+ Ke5 24. Qg7+ Kf5 0-1

[Event "IV Festival A"]
[Site "Verona ITA"]
[Date "1998.01.??"]
[Round "1"]
[White "Fressinet, Laurent"]
[Black "Barbieri, Giovanni"]
[Result "1-0"]
[WhiteElo "2450"]
[BlackElo "2100"]
[PlyCount "29"]
[EventDate "1998.01.02"]

1. e4 e5 2. Nf3 Nc6 3. Nc3 Nf6 4. g3 d6 5. Bg2 g6 6. d4 Bg4 7. dxe5 Nxe5 8. h3
Nxf3+ 9. Bxf3 Bd7 10. Bg5 h6 11. Bxf6 Qxf6 12. Nd5 Qd8 13. Qd4 f6 14. Nxf6+ Kf7
15. Nxd7 1-0

[Event "IV Festival A"]
[Site "Verona ITA"]
[Date "1998.01.??"]
[Round "1"]
[White "Manca, Federico"]
[Black "Mariano, Elia"]
[Result "1-0"]
[WhiteElo "2375"]
[BlackElo "2205"]
[PlyCount "23"]
[EventDate "1998.01.02"]

1. e4 d5 2. exd5 Qxd5 3. Nc3 Qa5 4. d4 Nf6 5. Nf3 Bg4 6. h3 Bh5 7. Be2 e6 8.
Ne5 Bxe2 9. Qxe2 c6 10. O-O Nbd7 11. Re1 Be7 12. Nxf7 1-0

[Event "IV Festival A"]
[Site "Verona ITA"]
[Date "1998.01.??"]
[Round "1"]
[White "Ortega, Lexy"]
[Black "Lantini, Marco"]
[Result "1-0"]
[WhiteElo "2475"]
[BlackElo "2180"]
[PlyCount "41"]
[EventDate "1998.01.02"]

1. d4 Nf6 2. c4 e6 3. Nc3 d5 4. Bg5 Be7 5. cxd5 Nxd5 6. Bxe7 Qxe7 7. Nf3 O-O 8.
Rc1 c6 9. Qd2 Nxc3 10. Qxc3 b6 11. g3 Bb7 12. Bg2 Rc8 13. O-O Nd7 14. Nd2 Nf6
15. Nc4 c5 16. Bxb7 Qxb7 17. Nd6 Qd5 18. Nxc8 Rxc8 19. dxc5 bxc5 20. Rfd1 Qxa2
21. Ra1 1-0

[Event "IV Festival A"]
[Site "Verona ITA"]
[Date "1998.01.??"]
[Round "1"]
[White "Rossi, Giampiero"]
[Black "Sulava, Nenad"]
[Result "0-1"]
[WhiteElo "2170"]
[BlackElo "2450"]
[PlyCount "44"]
[EventDate "1998.01.02"]

1. d4 e6 2. c4 b6 3. a3 Bb7 4. Nc3 Nf6 5. Bg5 h6 6. Bh4 Be7 7. e3 c5 8. dxc5
bxc5 9. Nf3 O-O 10. Be2 Ne4 11. Bxe7 Qxe7 12. Nxe4 Bxe4 13. O-O Nc6 14. Qd2
Rab8 15. Rfd1 Rb7 16. Ne1 Rfb8 17. Bf3 Rxb2 18. Qxd7 Qf6 19. Qc7 Ne5 20. Be2
Kh7 21. f3 Rxe2 22. Qxb8 Qh4 0-1

[Event "IV Festival A"]
[Site "Verona ITA"]
[Date "1998.01.??"]
[Round "1"]
[White "Trentini, Danilo"]
[Black "Sciortino, Massimo"]
[Result "1/2-1/2"]
[WhiteElo "1957"]
[BlackElo "2190"]
[PlyCount "32"]
[EventDate "1998.01.02"]

1. d4 d6 2. Nf3 f5 3. g3 Nf6 4. Bg2 e6 5. O-O Be7 6. c3 O-O 7. Qb3 c6 8. Nbd2
Qe8 9. Re1 Qh5 10. Qc2 d5 11. Ne5 Nbd7 12. Ndf3 Ne4 13. Nxd7 Bxd7 14. Ne5 Be8
15. Bf3 Qh3 16. Bg2 Qh5 1/2-1/2

[Event "IV Festival A"]
[Site "Verona ITA"]
[Date "1998.01.??"]
[Round "2"]
[White "Braghetta, Sergio"]
[Black "Ortega, Lexy"]
[Result "0-1"]
[WhiteElo "2260"]
[BlackElo "2475"]
[PlyCount "52"]
[EventDate "1998.01.02"]

1. e4 c5 2. Nf3 d6 3. d4 cxd4 4. Nxd4 Nf6 5. Nc3 a6 6. f4 e5 7. Nf3 Nbd7 8. a4
Be7 9. Bd3 O-O 10. O-O Nc5 11. Kh1 exf4 12. Bxf4 Bg4 13. Qd2 Rc8 14. Nd4 d5 15.
e5 Nfe4 16. Nxe4 dxe4 17. Bc4 Nd3 18. cxd3 Qxd4 19. Rac1 Rcd8 20. h3 Be6 21.
Bxe6 fxe6 22. Bg5 Bb4 23. Qc2 exd3 24. Qb3 Rd5 25. Rxf8+ Bxf8 26. Qxb7 Qf2 0-1

[Event "IV Festival A"]
[Site "Verona ITA"]
[Date "1998.01.??"]
[Round "2"]
[White "Contin, Daniel"]
[Black "Tommasi, Daniele"]
[Result "1-0"]
[WhiteElo "2300"]
[BlackElo "2195"]
[PlyCount "49"]
[EventDate "1998.01.02"]

1. c4 e6 2. Nf3 Nf6 3. g3 b6 4. Bg2 Bb7 5. O-O c5 6. Nc3 Be7 7. Re1 d6 8. e4
Nbd7 9. d4 cxd4 10. Nxd4 Qc7 11. Ndb5 Qb8 12. f4 O-O 13. Be3 Rd8 14. g4 a6 15.
Nd4 h6 16. g5 hxg5 17. fxg5 Ne8 18. g6 Nf8 19. gxf7+ Kxf7 20. Bh3 Nf6 21. Rf1
Re8 22. Nf3 Kg8 23. Ng5 Bd8 24. Qa4 Qc7 25. Qxe8 1-0

[Event "IV Festival A"]
[Site "Verona ITA"]
[Date "1998.01.??"]
[Round "2"]
[White "Lucaroni, Massimiliano"]
[Black "Bertani, Gianfranco"]
[Result "0-1"]
[WhiteElo "2275"]
[BlackElo "2185"]
[PlyCount "77"]
[EventDate "1998.01.02"]

1. e4 c5 2. Nc3 Nc6 3. Nf3 g6 4. d4 cxd4 5. Nxd4 Bg7 6. Nb3 Nf6 7. Be2 O-O 8.
O-O d6 9. Re1 Bd7 10. Bf1 Rc8 11. Bg5 Ne5 12. Nd5 Nxd5 13. exd5 h6 14. Bh4 g5
15. Bg3 f5 16. f3 Qe8 17. f4 Ng6 18. fxg5 f4 19. Bf2 hxg5 20. Qh5 Ne5 21. Qxe8
Rfxe8 22. Nd4 Ng4 23. c3 Nxf2 24. Kxf2 Bxd4+ 25. cxd4 Rc2+ 26. Kg1 Kf7 27. Bd3
Rxb2 28. Reb1 Rd2 29. Rxb7 Rxd3 30. Rxd7 a5 31. Ra7 Ra3 32. Rb7 Ra4 33. Rb5 Ra8
34. Kf2 Rxd4 35. Kf3 Kf6 36. Re1 Rb4 37. Rb6 Kf5 38. Rxb4 axb4 39. Rxe7 0-1

[Event "IV Festival A"]
[Site "Verona ITA"]
[Date "1998.01.??"]
[Round "2"]
[White "Luciani, Valerio"]
[Black "Martorelli, Antonio"]
[Result "0-1"]
[WhiteElo "2220"]
[BlackElo "2405"]
[PlyCount "60"]
[EventDate "1998.01.02"]

1. c4 Nf6 2. Nc3 g6 3. g3 Bg7 4. Bg2 O-O 5. Nf3 d6 6. O-O Nbd7 7. d4 e5 8. e4
exd4 9. Nxd4 Re8 10. Re1 a6 11. b3 Rb8 12. Bb2 Ne5 13. f4 Nc6 14. Nxc6 bxc6 15.
e5 Bg4 16. Bf3 Bxf3 17. Qxf3 dxe5 18. Rad1 Qc8 19. fxe5 Ng4 20. Ne4 Qe6 21.
Nf6+ Bxf6 22. exf6 Qxe1+ 23. Rxe1 Rxe1+ 24. Kg2 h5 25. h3 Ne3+ 26. Kh2 Re8 27.
Bd4 Nf1+ 28. Kg2 R8e2+ 29. Bf2 Ne3+ 30. Kh2 Nd1 0-1

[Event "IV Festival A"]
[Site "Verona ITA"]
[Date "1998.01.??"]
[Round "2"]
[White "Messa, Roberto"]
[Black "Trentini, Danilo"]
[Result "1-0"]
[WhiteElo "2310"]
[BlackElo "1957"]
[PlyCount "37"]
[EventDate "1998.01.02"]

1. e4 c6 2. d4 d5 3. Nc3 dxe4 4. Nxe4 Nd7 5. Nf3 Ngf6 6. Ng3 e6 7. Bd3 Bd6 8.
Qe2 O-O 9. Bd2 Nd5 10. c4 N5f6 11. Bc3 b6 12. Ne5 Bb7 13. Rd1 c5 14. dxc5 Nxc5
15. Bc2 Qc7 16. O-O Rad8 17. b4 Ncd7 18. Nxd7 Nxd7 19. Qd3 1-0

[Event "IV Festival A"]
[Site "Verona ITA"]
[Date "1998.01.??"]
[Round "2"]
[White "Mrdja, Milan"]
[Black "Schumi, Manfred"]
[Result "1-0"]
[WhiteElo "2380"]
[BlackElo "2260"]
[PlyCount "66"]
[EventDate "1998.01.02"]

1. e4 c5 2. Nf3 d6 3. d4 cxd4 4. Nxd4 Nf6 5. Nc3 a6 6. Bg5 e6 7. f4 Be7 8. Qf3
Qc7 9. O-O-O Nbd7 10. g4 b5 11. a3 Rb8 12. Bxf6 Nxf6 13. f5 e5 14. Nde2 Bb7 15.
g5 Nd7 16. h4 Qa5 17. Nd5 Bxd5 18. Rxd5 h6 19. Rg1 Qb6 20. Bh3 hxg5 21. hxg5 b4
22. f6 gxf6 23. Bxd7+ Kxd7 24. gxf6 Bf8 25. Rgd1 Rh2 26. axb4 Qxb4 27. b3 Rc8
28. Kb1 Rc4 29. Rxe5 Kc7 30. Rh5 Rxh5 31. Qxh5 Rxe4 32. Qxf7+ Kc6 33. Qxf8 Rxe2
1-0

[Event "IV Festival A"]
[Site "Verona ITA"]
[Date "1998.01.??"]
[Round "2"]
[White "Rossi, Giampiero"]
[Black "Danieli, Enrico"]
[Result "0-1"]
[WhiteElo "2170"]
[BlackElo "2140"]
[PlyCount "111"]
[EventDate "1998.01.02"]

1. d4 Nf6 2. c4 g6 3. g3 Bg7 4. Bg2 O-O 5. Nc3 d6 6. Nf3 Bg4 7. O-O Nc6 8. Ne1
Qc8 9. f3 Bh3 10. e4 Bxg2 11. Kxg2 e5 12. d5 Nd4 13. Be3 c5 14. dxc6 bxc6 15.
Bxd4 exd4 16. Qxd4 Qb8 17. Qd2 Qb4 18. Rc1 Qxc4 19. b3 Qb4 20. Nd3 Qa5 21. Rfd1
Rad8 22. Nf2 d5 23. exd5 cxd5 24. Ne2 Qa6 25. Rc2 Rfe8 26. Qd3 Qb6 27. Nd4 Rd7
28. Rc6 Qb7 29. Qa6 Qxa6 30. Rxa6 Nh5 31. Ra4 Nf6 32. Rc1 Bf8 33. Rc6 Rd6 34.
Rxd6 Bxd6 35. Rxa7 Bc5 36. Ra4 Nd7 37. Nd3 Bxd4 38. Rxd4 Re2+ 39. Kh3 Rxa2 40.
Rxd5 Nf6 41. Rd8+ Kg7 42. b4 h5 43. b5 Nh7 44. f4 Nf6 45. Ne5 Rb2 46. Rb8 Ne4
47. Rb7 Nf2+ 48. Kh4 Ne4 49. Rxf7+ Kg8 50. h3 Rxb5 51. Re7 Rb3 52. Nxg6 Nxg3
53. Kg5 Rb5+ 54. Re5 h4 55. Kxh4 Kg7 56. Re7+ 0-1

[Event "IV Festival A"]
[Site "Verona ITA"]
[Date "1998.01.??"]
[Round "2"]
[White "Vezzosi, Paolo"]
[Black "Ferretti, Folco"]
[Result "1-0"]
[WhiteElo "2275"]
[BlackElo "2270"]
[PlyCount "49"]
[EventDate "1998.01.02"]

1. d4 d5 2. Nf3 Nf6 3. c4 dxc4 4. e3 e6 5. Bxc4 c5 6. Nc3 a6 7. O-O b5 8. Be2
Bb7 9. b3 Nbd7 10. Bb2 Qb6 11. a4 b4 12. a5 Qa7 13. Na4 Be7 14. Qe1 Bd5 15.
dxc5 Nxc5 16. Bd4 O-O 17. Rc1 Rac8 18. Ne5 Nfe4 19. f3 f6 20. Nc4 Nc3 21. Nxc3
bxc3 22. b4 e5 23. Bxc5 Bxc5 24. bxc5 Rxc5 25. Nb6 1-0

[Event "IV Festival A"]
[Site "Verona ITA"]
[Date "1998.01.??"]
[Round "3"]
[White "Agnelli, Francesco"]
[Black "Lucaroni, Massimiliano"]
[Result "0-1"]
[WhiteElo "2075"]
[BlackElo "2275"]
[PlyCount "58"]
[EventDate "1998.01.02"]

1. e4 e5 2. Nf3 Nc6 3. Bb5 Nf6 4. d3 Bc5 5. O-O d6 6. c3 O-O 7. Nbd2 Bb6 8. Nc4
Ne7 9. Nxb6 axb6 10. Re1 c6 11. Bc4 Ng6 12. Bb3 Qe7 13. d4 Be6 14. Ng5 Bg4 15.
Qd3 Nh5 16. g3 h6 17. Nf3 Kh8 18. Bd1 f5 19. exf5 Bxf5 20. Qe3 Qd7 21. dxe5
dxe5 22. Nh4 Nxh4 23. Bxh5 Bg4 24. gxh4 Bxh5 25. Qg3 Rf6 26. Kf1 Qd5 27. f4
exf4 28. Qh3 f3 29. Be3 f2 0-1

[Event "IV Festival A"]
[Site "Verona ITA"]
[Date "1998.01.??"]
[Round "3"]
[White "Caruso, Augusto"]
[Black "De Bortoli, Peter"]
[Result "1-0"]
[WhiteElo "2275"]
[BlackElo "2205"]
[PlyCount "55"]
[EventDate "1998.01.02"]

1. e4 c5 2. Nf3 d6 3. d4 cxd4 4. Nxd4 Nf6 5. Nc3 a6 6. Be2 g6 7. Be3 Bg7 8. Qd2
Nc6 9. O-O-O Nxd4 10. Bxd4 Be6 11. g4 O-O 12. g5 Nd7 13. Bxg7 Kxg7 14. h4 Qa5
15. f4 Bxa2 16. h5 f6 17. hxg6 hxg6 18. gxf6+ Nxf6 19. e5 dxe5 20. fxe5 Ng8 21.
Qd4 Be6 22. Qh4 Qa1+ 23. Nb1 Rf7 24. Rdg1 Bf5 25. Bc4 e6 26. Bxe6 Bxe6 27.
Rxg6+ Kf8 28. Rxg8+ 1-0

[Event "IV Festival A"]
[Site "Verona ITA"]
[Date "1998.01.??"]
[Round "3"]
[White "Fressinet, Laurent"]
[Black "Wohl, Aleksandar H."]
[Result "1/2-1/2"]
[WhiteElo "2450"]
[BlackElo "2440"]
[PlyCount "56"]
[EventDate "1998.01.02"]

1. e4 Nf6 2. e5 Nd5 3. d4 d6 4. Nf3 dxe5 5. Nxe5 g6 6. Bc4 c6 7. O-O Bg7 8. Re1
O-O 9. Bb3 Nd7 10. Nf3 e6 11. c4 N5f6 12. Nc3 c5 13. d5 exd5 14. cxd5 a6 15. a4
b6 16. Bg5 Bb7 17. Qd2 b5 18. axb5 axb5 19. Rxa8 Bxa8 20. Nxb5 Qb6 21. Bc4 Bxd5
22. Bxd5 Qxb5 23. h3 c4 24. Rd1 Nc5 25. Bb7 Na4 26. Qd6 Qxb2 27. Bc6 Nb6 28.
Re1 Nc8 1/2-1/2

[Event "IV Festival A"]
[Site "Verona ITA"]
[Date "1998.01.??"]
[Round "3"]
[White "Parrella, Alfredo"]
[Black "Randazzo, Sergio"]
[Result "1/2-1/2"]
[WhiteElo "2185"]
[BlackElo "2009"]
[PlyCount "27"]
[EventDate "1998.01.02"]

1. d4 Nf6 2. c4 c5 3. d5 b5 4. cxb5 a6 5. bxa6 Bxa6 6. Nc3 g6 7. e4 Bxf1 8.
Kxf1 d6 9. g3 Bg7 10. Kg2 O-O 11. Nf3 Nbd7 12. h3 Qa5 13. Re1 Rfb8 14. e5
1/2-1/2

[Event "IV Festival A"]
[Site "Verona ITA"]
[Date "1998.01.??"]
[Round "3"]
[White "Zoldan, Matteo"]
[Black "Squarci, Franco"]
[Result "1-0"]
[WhiteElo "2100"]
[BlackElo "1948"]
[PlyCount "65"]
[EventDate "1998.01.02"]

1. e4 Nf6 2. e5 Nd5 3. d4 d6 4. c4 Nb6 5. exd6 cxd6 6. Nc3 g6 7. Bd3 Bg7 8.
Nge2 O-O 9. O-O N8d7 10. Be3 Nf6 11. f3 Bd7 12. b3 e5 13. Qd2 Re8 14. d5 a6 15.
Kh1 Nc8 16. a4 Ne7 17. a5 Nf5 18. Bxf5 Bxf5 19. Ng3 Bd7 20. Nce4 Bf5 21. Rac1
Nh5 22. Nxh5 gxh5 23. b4 Re7 24. Bg5 Rc8 25. c5 Bxe4 26. fxe4 Qd7 27. Bxe7 Qxe7
28. cxd6 Rxc1 29. Qxc1 Qxd6 30. Qc8+ Bf8 31. Qxb7 Qxb4 32. Qxf7+ Kh8 33. Qxf8+
1-0

[Event "IV Festival A"]
[Site "Verona ITA"]
[Date "1998.01.??"]
[Round "4"]
[White "Castaldo, Folco"]
[Black "Solonar, Stefan"]
[Result "1/2-1/2"]
[WhiteElo "2155"]
[BlackElo "2315"]
[PlyCount "37"]
[EventDate "1998.01.02"]

1. e4 c5 2. c3 Nf6 3. e5 Nd5 4. d4 cxd4 5. Nf3 Nc6 6. Bc4 Nb6 7. Bb3 d5 8. exd6
Qxd6 9. O-O Bf5 10. Nxd4 Nxd4 11. cxd4 e6 12. Nc3 Be7 13. d5 exd5 14. Nxd5 Nxd5
15. Qxd5 Qxd5 16. Bxd5 O-O 17. Bf4 Bf6 18. Bxb7 Bxb2 19. Bxa8 1/2-1/2

[Event "IV Festival A"]
[Site "Verona ITA"]
[Date "1998.01.??"]
[Round "4"]
[White "Rossi, Carlo"]
[Black "Caruso, Augusto"]
[Result "1-0"]
[WhiteElo "2330"]
[BlackElo "2275"]
[PlyCount "107"]
[EventDate "1998.01.02"]

1. d4 e6 2. Nf3 b6 3. e4 Bb7 4. Bd3 c5 5. c3 Nf6 6. Nbd2 cxd4 7. cxd4 Be7 8.
O-O Ba6 9. Qe2 Bxd3 10. Qxd3 d5 11. e5 Nfd7 12. a3 O-O 13. b4 Nc6 14. Bb2 Rc8
15. Rac1 Rc7 16. Nb3 Qb8 17. Nfd2 f6 18. b5 Nd8 19. exf6 Nxf6 20. Qg3 Rb7 21.
Qxb8 Rxb8 22. Rc7 Rb7 23. Rc8 Nf7 24. Rfc1 Nd6 25. Rxf8+ Kxf8 26. a4 Ke8 27.
Rc6 Kd7 28. Nf3 Nc4 29. Ne5+ Nxe5 30. dxe5 Ne8 31. Nd4 Nc7 32. Rc3 Bc5 33. Rg3
Ne8 34. Nc6 Rc7 35. Rh3 h6 36. Rg3 a6 37. Nb8+ Ke7 38. bxa6 Kf7 39. Rc3 Ra7 40.
a5 Nc7 41. axb6 Bxb6 42. Rc6 Ba5 43. Bd4 Ra8 44. a7 Nb5 45. Ra6 Bc7 46. Nc6 Ke8
47. f4 Kd7 48. Bc5 Nc3 49. Nd4 Kc8 50. Nxe6 Kb7 51. Nxc7 Kxc7 52. f5 d4 53. Kf1
d3 54. Be3 1-0

[Event "IV Festival A"]
[Site "Verona ITA"]
[Date "1998.01.??"]
[Round "4"]
[White "Sulava, Nenad"]
[Black "Ortega, Lexy"]
[Result "0-1"]
[WhiteElo "2450"]
[BlackElo "2475"]
[PlyCount "68"]
[EventDate "1998.01.02"]

1. Nf3 d5 2. c4 c6 3. cxd5 cxd5 4. d4 Nc6 5. Nc3 Nf6 6. Bf4 Bf5 7. e3 e6 8. Bb5
Nd7 9. O-O Be7 10. Qb3 g5 11. Be5 O-O 12. Bg3 h5 13. h3 Kh7 14. Rfe1 Rg8 15. e4
dxe4 16. Nxe4 g4 17. hxg4 hxg4 18. Bxc6 bxc6 19. Ne5 Nxe5 20. dxe5 Rb8 21. Qe3
Qb6 22. Qf4 Qxb2 23. Rad1 Rb4 24. Bh4 Bxh4 25. Qh2 Qxf2+ 26. Nxf2 g3 27. Qxh4+
Rxh4 28. Nh1 Ra4 29. Re3 Rxa2 30. Nxg3 Bg6 31. Ne2 Rxe2 32. Rxe2 Bh5 33. g4
Rxg4+ 34. Kf2 Rh4 0-1

[Event "IV Festival A"]
[Site "Verona ITA"]
[Date "1998.01.??"]
[Round "4"]
[White "Tommasi, Daniele"]
[Black "Martorelli, Antonio"]
[Result "0-1"]
[WhiteElo "2195"]
[BlackElo "2405"]
[PlyCount "76"]
[EventDate "1998.01.02"]

1. Nf3 d5 2. d3 c5 3. g3 Nc6 4. Bg2 e5 5. O-O Nf6 6. c4 d4 7. b4 cxb4 8. a3
bxa3 9. Nbd2 h6 10. Qa4 Bd7 11. Bxa3 Bxa3 12. Qxa3 Qe7 13. Rfb1 Rb8 14. Nh4
Qxa3 15. Rxa3 Ke7 16. Rab3 g5 17. Nhf3 b6 18. Ne1 Na5 19. Ra3 Kd6 20. Nc2 Bc6
21. Nb4 Bxg2 22. Kxg2 Rbc8 23. Na6 Nc6 24. c5+ bxc5 25. Nc4+ Kd5 26. Rb7 Rhd8
27. Nc7+ Rxc7 28. Rxc7 Nd7 29. Rb3 e4 30. Rbb7 exd3 31. exd3 Nde5 32. Nxe5 Nxe5
33. Rb3 a5 34. Ra7 f5 35. Rxa5 g4 36. f4 gxf3+ 37. Kf2 h5 38. Ra6 h4 0-1

[Event "IV Festival A"]
[Site "Verona ITA"]
[Date "1998.01.??"]
[Round "4"]
[White "Trentini, Danilo"]
[Black "Turci, Stefano"]
[Result "0-1"]
[WhiteElo "1957"]
[BlackElo "2170"]
[PlyCount "40"]
[EventDate "1998.01.02"]

1. d4 d6 2. Nf3 Nf6 3. c4 Nbd7 4. Nc3 g6 5. e4 e5 6. Be2 Bg7 7. O-O O-O 8. h3
exd4 9. Nxd4 Re8 10. Bd3 Nc5 11. Re1 a5 12. b3 Ng4 13. Nce2 Bxd4 14. Nxd4 Qf6
15. Be3 Nxe3 16. fxe3 Qg5 17. Kh1 b6 18. Nf3 Qg3 19. Bc2 Bb7 20. e5 Rxe5 0-1

[Event "IV Festival A"]
[Site "Verona ITA"]
[Date "1998.01.??"]
[Round "4"]
[White "Wohl, Aleksandar H."]
[Black "Mollero, Michele"]
[Result "1-0"]
[WhiteElo "2440"]
[BlackElo "2135"]
[PlyCount "59"]
[EventDate "1998.01.02"]

1. e4 c6 2. d3 g6 3. g3 Bg7 4. Bg2 d6 5. Nf3 Nf6 6. O-O O-O 7. Nbd2 Bg4 8. h3
Bxf3 9. Nxf3 Nbd7 10. c3 Qc7 11. Nh2 e5 12. f4 Nh5 13. Rf3 exf4 14. g4 Nhf6 15.
Bxf4 Ne5 16. Rf2 Rae8 17. Qd2 c5 18. Raf1 Nfd7 19. Bg3 c4 20. d4 Nd3 21. Re2 b5
22. g5 f6 23. Ng4 fxg5 24. Rxf8+ Bxf8 25. Qxg5 Kh8 26. Qxb5 Rb8 27. Qd5 Rxb2
28. Rxb2 Nxb2 29. e5 Nb6 30. exd6 1-0

[Event "IV Festival A"]
[Site "Verona ITA"]
[Date "1998.01.??"]
[Round "5"]
[White "Astengo, Marcello"]
[Black "De Vita, Gianni"]
[Result "0-1"]
[WhiteElo "2075"]
[BlackElo "2160"]
[PlyCount "48"]
[EventDate "1998.01.02"]

1. d4 Nf6 2. c4 c5 3. d5 e6 4. Nc3 exd5 5. cxd5 d6 6. e4 g6 7. Bd3 Bg7 8. h3
O-O 9. Nf3 Re8 10. O-O a6 11. a4 b6 12. Bf4 Nh5 13. Bh2 Qe7 14. Re1 Nd7 15. Qb3
g5 16. Ne2 Rb8 17. g4 Qf6 18. e5 dxe5 19. gxh5 e4 20. Bxb8 Qxf3 21. Ng3 Bd4 22.
Nh1 Nxb8 23. Bc2 e3 24. fxe3 Rxe3 0-1

[Event "IV Festival A"]
[Site "Verona ITA"]
[Date "1998.01.??"]
[Round "5"]
[White "Contin, Daniel"]
[Black "Sulava, Nenad"]
[Result "1/2-1/2"]
[WhiteElo "2300"]
[BlackElo "2450"]
[PlyCount "31"]
[EventDate "1998.01.02"]

1. c4 e5 2. Nc3 Nf6 3. Nf3 Nc6 4. g3 d5 5. cxd5 Nxd5 6. Bg2 Nb6 7. a3 a5 8. O-O
Be7 9. d3 O-O 10. Be3 Be6 11. Rc1 f5 12. Nb5 Bf6 13. Rc5 Nd7 14. Rc1 Nb6 15.
Rc5 Nd7 16. Rc1 1/2-1/2

[Event "IV Festival A"]
[Site "Verona ITA"]
[Date "1998.01.??"]
[Round "5"]
[White "De Bortoli, Peter"]
[Black "Braghetta, Sergio"]
[Result "1-0"]
[WhiteElo "2205"]
[BlackElo "2260"]
[PlyCount "51"]
[EventDate "1998.01.02"]

1. e4 c5 2. Nf3 d6 3. d4 cxd4 4. Nxd4 Nf6 5. Nc3 a6 6. Bc4 e6 7. O-O b5 8. Bb3
Nbd7 9. Bg5 Nc5 10. a3 Bb7 11. f4 Be7 12. e5 dxe5 13. fxe5 Nxb3 14. Nxb3 Nd7
15. Bxe7 Qxe7 16. Qd6 Qxd6 17. exd6 Rc8 18. Rf4 Nf6 19. a4 Nd5 20. d7+ Kxd7 21.
Rxf7+ Ne7 22. axb5 e5 23. bxa6 Ba8 24. Re1 Ke6 25. Rf2 Ng6 26. Nd4+ 1-0

[Event "IV Festival A"]
[Site "Verona ITA"]
[Date "1998.01.??"]
[Round "5"]
[White "Parrella, Alfredo"]
[Black "Dubois, Martine"]
[Result "1/2-1/2"]
[WhiteElo "2185"]
[BlackElo "2060"]
[PlyCount "24"]
[EventDate "1998.01.02"]

1. d4 d5 2. c4 Bf5 3. cxd5 Bxb1 4. Qa4+ c6 5. Rxb1 Qxd5 6. e3 Nd7 7. Qc4 Ngf6
8. Qxd5 Nxd5 9. Nf3 e5 10. Nxe5 Nxe5 11. dxe5 Bb4+ 12. Ke2 O-O-O 1/2-1/2

[Event "IV Festival A"]
[Site "Verona ITA"]
[Date "1998.01.??"]
[Round "5"]
[White "Vezzosi, Paolo"]
[Black "Rossi, Carlo"]
[Result "1/2-1/2"]
[WhiteElo "2275"]
[BlackElo "2330"]
[PlyCount "94"]
[EventDate "1998.01.02"]

1. e4 Nc6 2. Nf3 d6 3. d4 Nf6 4. Nc3 Bg4 5. Be3 g6 6. Be2 Bg7 7. O-O O-O 8. Qd2
Nd7 9. Ng5 Bxe2 10. Nxe2 e5 11. d5 Ne7 12. Ng3 h6 13. Nh3 Kh7 14. Rad1 Ng8 15.
b3 Qe7 16. Qd3 a5 17. f3 b6 18. Qc4 Bf6 19. Ne2 Bg5 20. Nxg5+ hxg5 21. Nc3 Kg7
22. Nb5 Nc5 23. a3 Rfc8 24. b4 Nb7 25. Rd3 Qd7 26. Rc3 Ne7 27. Nxc7 axb4 28.
axb4 b5 29. Qxb5 Rxc7 30. Qxd7 Rxd7 31. Bxg5 Rc8 32. Rxc8 Nxc8 33. Kf2 Rc7 34.
Rc1 Rc4 35. Bd2 Nb6 36. c3 Rc8 37. Ra1 Nc4 38. Be1 Nd8 39. Ra7 g5 40. Ke2 Kg6
41. g4 f6 42. Kd3 Nf7 43. Ra6 Nd8 44. Ra7 Nf7 45. Bf2 Nb2+ 46. Kc2 Nc4 47. Kd3
Nb2+ 1/2-1/2

[Event "IV Festival A"]
[Site "Verona ITA"]
[Date "1998.01.??"]
[Round "6"]
[White "Contin, Daniel"]
[Black "Fressinet, Laurent"]
[Result "0-1"]
[WhiteElo "2300"]
[BlackElo "2450"]
[PlyCount "57"]
[EventDate "1998.01.02"]

1. c4 e5 2. Nc3 Bb4 3. Qb3 Nc6 4. Nf3 d6 5. a3 Bc5 6. e3 f5 7. d3 Nf6 8. Be2
O-O 9. O-O Kh8 10. Qc2 a5 11. Rd1 Bb6 12. d4 Qe8 13. c5 dxc5 14. dxe5 Nxe5 15.
Na4 Bd7 16. Nxc5 Nxf3+ 17. Bxf3 Bc6 18. Be2 f4 19. Rb1 Bxc5 20. Qxc5 Qg6 21. f3
Qxb1 22. Bd3 Qa1 23. Rf1 Qa2 24. Bc4 Qb1 25. e4 Qc2 26. Bxf4 Nxe4 27. fxe4 Qxe4
28. Rf2 Rxf4 29. Qf8+ 0-1

[Event "IV Festival A"]
[Site "Verona ITA"]
[Date "1998.01.??"]
[Round "6"]
[White "Mrdja, Milan"]
[Black "Ortega, Lexy"]
[Result "1/2-1/2"]
[WhiteElo "2380"]
[BlackElo "2475"]
[PlyCount "22"]
[EventDate "1998.01.02"]

1. e4 c5 2. Nf3 e6 3. d4 cxd4 4. Nxd4 a6 5. Nc3 d6 6. g3 Nf6 7. Bg2 Qc7 8. O-O
Nc6 9. Re1 Be7 10. Nxc6 bxc6 11. e5 dxe5 1/2-1/2

[Event "IV Festival A"]
[Site "Verona ITA"]
[Date "1998.01.??"]
[Round "6"]
[White "Popa, Florin"]
[Black "Turzo, Attila"]
[Result "0-1"]
[WhiteElo "2195"]
[BlackElo "2415"]
[PlyCount "123"]
[EventDate "1998.01.02"]

1. e4 c5 2. c3 Nf6 3. e5 Nd5 4. d4 cxd4 5. cxd4 d6 6. Nf3 Nc6 7. Bc4 dxe5 8.
dxe5 Nb6 9. Qxd8+ Nxd8 10. Bb5+ Bd7 11. Nc3 a6 12. Bxd7+ Nxd7 13. O-O e6 14.
Rd1 Nc6 15. Bf4 h6 16. h4 g6 17. Ne4 Bg7 18. Nd6+ Ke7 19. Nxb7 Ra7 20. Rac1
Rxb7 21. Rxc6 Nb8 22. Rc2 Rd8 23. Rxd8 Kxd8 24. b3 Kd7 25. Kf1 Nc6 26. Ke1 Rb5
27. Kd1 h5 28. Re2 Nb4 29. Rd2+ Nd5 30. Kc2 Ke8 31. Bg5 Ne7 32. Bxe7 Kxe7 33.
Re2 Kd7 34. Kc3 Rc5+ 35. Kd4 Kc6 36. a4 Bf8 37. Ng5 Rd5+ 38. Kc4 Bc5 39. g3 Rd7
40. f3 Be7 41. Ne4 Rd1 42. Re3 Rc1+ 43. Rc3 Ra1 44. Rd3 Rc1+ 45. Kd4 Rb1 46.
Rc3+ Kb7 47. Nc5+ Bxc5+ 48. Kxc5 Kc7 49. Kb4+ Kb6 50. Rd3 a5+ 51. Kc4 Rc1+ 52.
Kd4 Rb1 53. Rc3 Rb2 54. Ke4 Rd2 55. Kf4 Rd5 56. g4 Kb7 57. Re3 Rd8 58. Kg5 Rh8
59. Kf6 hxg4 60. fxg4 Kc6 61. Rh3 Kd5 62. Kxf7 0-1

[Event "IV Festival A"]
[Site "Verona ITA"]
[Date "1998.01.??"]
[Round "6"]
[White "Rossi, Carlo"]
[Black "Martorelli, Antonio"]
[Result "0-1"]
[WhiteElo "2330"]
[BlackElo "2405"]
[PlyCount "88"]
[EventDate "1998.01.02"]

1. Nf3 Nf6 2. g3 g6 3. b3 Bg7 4. Bb2 O-O 5. Bg2 a5 6. a3 d6 7. d4 Nc6 8. Nc3 d5
9. Ne5 Bd7 10. f4 Na7 11. O-O Nc8 12. e4 dxe4 13. Nxe4 Nxe4 14. Bxe4 Nd6 15.
Bg2 a4 16. c4 axb3 17. d5 Bf5 18. Qxb3 f6 19. Nf3 Ne4 20. Qe3 Nd6 21. Rac1 b5
22. c5 Nc4 23. Rxc4 bxc4 24. Nd4 Qb8 25. Rf2 Bd3 26. Nc6 Qb5 27. Nxe7+ Kh8 28.
h4 Ra5 29. Nc6 Qxc5 30. Bd4 Qxa3 31. Nxa5 Qxa5 32. h5 Qa4 33. Bh3 Qd1+ 34. Kg2
Qxh5 35. Be6 f5 36. Bxg7+ Kxg7 37. Qd4+ Kh6 38. Kg1 Rb8 39. Rb2 Qh3 40. Rxb8
Qxg3+ 41. Kh1 Be4+ 42. Qxe4 fxe4 43. f5 c3 44. Rb3 gxf5 0-1